[Event "Nowy Sacz-ch"]
[Site "Nowy Sacz"]
[Date "2000.11.25"]
[Round "1"]
[White "Sumara, Adam"]
[Black "Kwiatkowski, Gracjan"]
[Result "1-0"]
[WhiteElo "1800"]
[BlackElo "1600"]
[PlyCount "99"]
[EventDate "2000.11.25"]
[EventType "swiss"]
[EventRounds "9"]
[EventCountry "POL"]
[SourceTitle "EXT 2005"]
[Source "ChessBase"]
[SourceDate "2004.11.15"]
[SourceVersion "1"]
[SourceVersionDate "2004.11.15"]
[SourceQuality "1"]

1. d4 Nf6 2. c4 g6 3. Nf3 Bg7 4. Nc3 0-0 5. e4 d6 6. h3 e5 7. d5 a5 8. Bd3 Na6 9. Na4 Nd7 10. a3 Nac5 11. Nxc5 Nxc5 12. Bc2 f5 13. exf5 Bxf5 14. 0-0 Qf6 15. Bg5 Qf7 16. Be3 e4 17. Nd4 Rae8 18. b4 axb4 19. axb4 Nd3 20. Qd2 c5 21. Nxf5 Qxf5 22. Ra7 Nxb4 23. Rxb7 Nxc2 24. Qxc2 Bd4 25. Qe2 Qe5 26. Rfb1 Bxe3 27. Qxe3 Qd4 28. Rd7 Rb8 29. Rxb8 Rxb8 30. Qh6 Rb1+ 31. Kh2 Qe5+ 32. g3 Qf6 33. Qf4 Qxf4 34. gxf4 Rc1 35. Rxd6 Rxc4 36. Rc6 Kf7 37. Rc7+ Ke8 38. d6 Kd8 39. Rxh7 Rd4 40. Rc7 Rxd6 41. Rxc5 Re6 42. Re5 Ke7 43. Kg3 Kf6 44. Rxe6+ Kxe6 45. Kg4 Kf6 46. h4 Kf7 47. h5 Kg7 48. hxg6 Kxg6 49. f5+ Kf6 50. Kf4 1-0